Estadísticas para País Más Grande por Cuerpo de Agua

Haz click aquí para intentar la prueba.

Estadísticas generales

  • Esta prueba ha sido intentada 2.604 veces
  • La puntuación promedio es 16 de 22

Estadísticas de respuestas

Cuerpo de AguaPaís% Correcto
Golfo de MéxicoEstados Unidos
97%
Mar MediterraneoArgelia
91%
Río de la PlataArgentina
91%
Mar CaribeMéxico
91%
Mar de IrlandaReino Unido
91%
Mar AdriáticoItalia
89%
Bahía de BengalaIndia
85%
Mar BálticoRusia
83%
Mar EgeoTurquía
80%
Mar RojoArabia Saudita
79%
Golfo de VizcayaFrancia
79%
Mar AmarilloChina
77%
Mar BaleáricoEspaña
77%
Lago SuperiorCanadá
73%
Mar del CoralAustralia
71%
Lago TiticacaPerú
70%
Lago VictoriaTanzania
68%
Golfo de GuineaNigeria
58%
Mar de SalomónPapua Nueva Guinea
40%
Golfo of AdénSomalia
37%
Mar de CélebesIndonesia
36%
Golfo de BotniaSuecia
33%

Distribución de puntuación

Porcentaje por número respondido

Porcentaje de gente con cada puntuación

Historial de tus puntuaciones

No has intentado esta prueba.